Нефтяные дисперсные системы: учебное пособие
| Autor Principal: | |
|---|---|
| Autor Corporativo: | |
| Outros autores: | |
| Summary: | Заглавие с титульного экрана Электронная версия печатной публикации В пособии изложены закономерности нефтяных дисперсных систем, основанные на фундаментальных законах естествознания. Даны представления о дисперсном состоянии вещества и сущности поверхностных явлений, проявляющихся в дисперсных системах, свойствах исходного сырья и реагентов, их влиянии на технологические процессы, а также методы проведения стандартных испытаний по определению физико-химических свойств углеводородов, материалов и реагентов. Предназначено для студентов I курса магистратуры, обучающихся по профилю подготовки “Разработка и эксплуатация нефтяных и газовых месторождений” направления 131000 “Нефтегазовое дело”. Режим доступа: из корпоративной сети ТПУ |
| Idioma: | ruso |
| Publicado: |
Томск, Изд-во ТПУ, 2016
|
| Subjects: | |
| Acceso en liña: | http://www.lib.tpu.ru/fulltext2/m/2017/m016.pdf |
| Formato: | Electrónico Libro |
| KOHA link: | https://koha.lib.tpu.ru/cgi-bin/koha/opac-detail.pl?biblionumber=329729 |
MARC
| LEADER | 00000nlm0a2200000 4500 | ||
|---|---|---|---|
| 001 | 329729 | ||
| 005 | 20240220095043.0 | ||
| 035 | |a (RuTPU)RU\TPU\book\355497 | ||
| 035 | |a RU\TPU\book\355466 | ||
| 090 | |a 329729 | ||
| 100 | |a 20170320d2016 m y0rusy50 ca | ||
| 101 | 0 | |a rus | |
| 102 | |a RU | ||
| 105 | |a a j 001zy | ||
| 135 | |a drcn ---uucaa | ||
| 181 | 0 | |a i | |
| 182 | 0 | |a b | |
| 200 | 1 | |a Нефтяные дисперсные системы |e учебное пособие |f В. Н. Манжай, Л. В. Чеканцева |g Национальный исследовательский Томский политехнический университет (ТПУ) | |
| 203 | |a Текст |c электронный | ||
| 210 | |a Томск |c Изд-во ТПУ |d 2016 | ||
| 300 | |a Заглавие с титульного экрана | ||
| 300 | |a Электронная версия печатной публикации | ||
| 330 | |a В пособии изложены закономерности нефтяных дисперсных систем, основанные на фундаментальных законах естествознания. Даны представления о дисперсном состоянии вещества и сущности поверхностных явлений, проявляющихся в дисперсных системах, свойствах исходного сырья и реагентов, их влиянии на технологические процессы, а также методы проведения стандартных испытаний по определению физико-химических свойств углеводородов, материалов и реагентов. Предназначено для студентов I курса магистратуры, обучающихся по профилю подготовки “Разработка и эксплуатация нефтяных и газовых месторождений” направления 131000 “Нефтегазовое дело”. | ||
| 333 | |a Режим доступа: из корпоративной сети ТПУ | ||
| 606 | 1 | |a Нефть |x Химический состав |2 stltpush |3 (RuTPU)RU\TPU\subj\33808 |9 55941 | |
| 610 | 1 | |a электронный ресурс | |
| 610 | 1 | |a учебные пособия | |
| 610 | 1 | |a труды учёных ТПУ | |
| 610 | 1 | |a нефтяные дисперсные системы | |
| 610 | 1 | |a поверхностные явления | |
| 610 | 1 | |a реагенты | |
| 610 | 1 | |a технологические процессы | |
| 610 | 1 | |a физико-химические свойства | |
| 610 | 1 | |a углеводороды | |
| 610 | 1 | |a коллоидно-дисперсные системы | |
| 610 | 1 | |a молекулярно-кинетические свойства | |
| 610 | 1 | |a оптическая микроскопия | |
| 610 | 1 | |a оптические методы | |
| 610 | 1 | |a поверхности | |
| 610 | 1 | |a нефти | |
| 610 | 1 | |a водонефтяные эмульсии | |
| 610 | 1 | |a жидкости | |
| 610 | 1 | |a ламинарное течение | |
| 610 | 1 | |a турбулентное течение | |
| 675 | |a 665.61(075.8) |v 4 | ||
| 700 | 1 | |a Манжай |b В. Н. |c специалист в области нефтегазового дела |c профессор Томского политехнического университета, доктор химических наук |f 1954- |g Владимир Николаевич |3 (RuTPU)RU\TPU\pers\32820 | |
| 701 | 1 | |a Чеканцева |b Л. В. |c специалист в области нефтегазового дела |c cтарший преподаватель Томского политехнического университета |f 1965- |g Лилия Васильевна |y Томск |3 (RuTPU)RU\TPU\pers\30423 |9 14763 | |
| 712 | 0 | 2 | |a Национальный исследовательский Томский политехнический университет (ТПУ) |b Институт природных ресурсов (ИПР) |b Кафедра геологии и разработки нефтяных месторождений (ГРНМ) |3 (RuTPU)RU\TPU\col\18657 |
| 801 | 1 | |a RU |b 63413507 |c 20131204 | |
| 801 | 2 | |a RU |b 63413507 |c 20171012 |g RCR | |
| 856 | 4 | |u http://www.lib.tpu.ru/fulltext2/m/2017/m016.pdf | |
| 942 | |c CF | ||